|
|
|
|
| LEADER |
01858nam a2200361 a 4500 |
| 001 |
13127255 |
| 003 |
BD-DhAAL |
| 005 |
20250619115111.0 |
| 008 |
090102r20082004maua b 001 0 eng d |
| 010 |
|
|
|a 2003046441
|
| 020 |
|
|
|a 007246352X
|
| 020 |
|
|
|a 0071198482
|
| 020 |
|
|
|a 9780070595019
|
| 020 |
|
|
|a 0070595011
|
| 040 |
|
|
|a DLC
|c DLC
|d DLC
|d DLC
|c BD-DhAAL
|
| 082 |
0 |
0 |
|a 621.382/1
|2 21
|
| 100 |
1 |
|
|a Leon-Garcia, Alberto.
|9 58500
|
| 245 |
1 |
0 |
|a Communication networks :
|b fundamental concepts and key architectures /
|c Alberto Leon-Garcia, Indra Wadjaja.
|
| 250 |
|
|
|a Secons edition.
|
| 260 |
|
|
|a Boston ;
|a New Delhi :
|b Tata McGraw-Hill,
|c 2008 [reprinted].
|
| 300 |
|
|
|a xxvii, 900 pages :
|b illustrations ;
|c 24 cm.
|
| 504 |
|
|
|a Includes bibliographical references and index.
|
| 526 |
|
|
|x Dr. Md. Sayeed Salam
EEE Department
Course name and no. : High Performance Communication Networks (EEE 449)
|
| 541 |
1 |
|
|a Trust line International
|e 00019662
|
| 650 |
|
0 |
|a Telecommunication systems.
|
| 650 |
|
0 |
|a Computer network architectures.
|
| 650 |
|
0 |
|a Computer networks.
|
| 700 |
1 |
|
|a Widjaja, Indra,
|d 1960-
|9 58501
|
| 852 |
4 |
|
|a Ayesha Abed Library
|j General Shelf.
|
| 942 |
|
|
|2 ddc
|c BK
|
| 999 |
|
|
|c 6599
|d 6599
|
| 952 |
|
|
|0 0
|1 0
|2 ddc
|4 0
|6 621_382100000000000_LEO_2008
|7 0
|9 6715
|a BRACUL
|b BRACUL
|c GEN
|d 2010-01-02
|e Trust Line International
|g 995.00
|l 1
|o 621.3821 LEO
|p 3010019662
|r 2015-08-21
|s 2015-08-18
|t 1
|w 2010-01-02
|y BK
|x Requisitioned by Dr. Md. Sayeed Salam, Course name and no. : High Performance Communication Networks (EEE 449)
|
| 952 |
|
|
|0 0
|1 0
|2 ddc
|4 0
|6 621_382100000000000_LEO_2008
|7 0
|9 6716
|a BRACUL
|b BRACUL
|c GEN
|d 2010-01-02
|e Trust Line International
|g 995.00
|l 1
|m 3
|o 621.3821 LEO
|p 3010019663
|r 2022-10-31
|s 2022-10-15
|t 2
|w 2010-01-02
|y BK
|x Requisitioned by Dr. Md. Sayeed Salam, Course name and no. : High Performance Communication Networks (EEE 449)
|